| 000 | 04212nam a22013094i 4500 | ||
|---|---|---|---|
| 003 | PE-LiUPU | ||
| 005 | 20250813185422.0 | ||
| 008 | 180712s2015 ck a rb 000 0 spa d | ||
| 020 | _a9789587168006 | ||
| 035 | _a(Sirsi) a249233 | ||
| 040 |
_aPE-LiUPU _bspa _cPE-LiUPU _erda |
||
| 049 | _aPRUA | ||
| 082 | 0 | 4 |
_a378.170281 _bF7 _220 |
| 245 | 0 | 0 |
_aFormación inicial de lectura y escritura en la universidad : _bde la educación media al desempeño académico en la educación superior / _ceditoras académicas Blanca Yaneth González Pinzón y Adriana Salazar-Sierra ; editor asociado Luis Bernardo Peña Borrero. |
| 250 | _aPrimera edición. | ||
| 264 | 1 |
_aBogotá : _bEditorial Pontificia Universidad Javeriana, _c2015. |
|
| 300 |
_a480 páginas : _bilustraciones ; _c24 centímetros |
||
| 336 |
_atext _2rdacontent |
||
| 337 |
_aunmediated _2rdamedia |
||
| 338 |
_avolume _2rdacarrier |
||
| 504 | _aBibliografía al final de cada capítulo. | ||
| 505 | 0 | _aPresentación -- Equipo de investigación -- Prólogo -- ¿Cómo inició este periplo? -- Pretensión de unidad desde la diversidad: el tránsito de la educación media a la educación superior -- Práctica de lectura. lectura para aprender: la gran ausente en los cursos de primer año -- Práctica de escritura -- Programas y estrategias guiados por la alfabetización académica -- Los aprendizajes derivados de la investigación -- Reflexiones y propuestas para pensar una política de desarrollo de la lectura y la escritura en educación superior. | |
| 526 | _aP202 | ||
| 526 | _aP201 | ||
| 526 | _aP163 | ||
| 526 | _aP162 | ||
| 526 | _aP161 | ||
| 526 | _aP160 | ||
| 526 | _aP148 | ||
| 526 | _aP147 | ||
| 526 | _aP146 | ||
| 526 | _aP145 | ||
| 526 | _aP144 | ||
| 526 | _aP143 | ||
| 526 | _aP142 | ||
| 526 | _aP141 | ||
| 526 | _aP140 | ||
| 526 | _aP139 | ||
| 526 | _aP138 | ||
| 526 | _aP137 | ||
| 526 | _aP136 | ||
| 526 | _aP135 | ||
| 526 | _aP134 | ||
| 526 | _aP133 | ||
| 526 | _aP129 | ||
| 526 | _aP128 | ||
| 526 | _aP127 | ||
| 526 | _aP120 | ||
| 526 | _aP119 | ||
| 526 | _aP118 | ||
| 526 | _aP116 | ||
| 526 | _aP115 | ||
| 526 | _aP114 | ||
| 526 | _aP110 | ||
| 526 | _aP109 | ||
| 526 | _aP108 | ||
| 526 | _aP104 | ||
| 526 | _aP103 | ||
| 526 | _aP102 | ||
| 526 | _aP99 | ||
| 526 | _aP98 | ||
| 526 | _aP97 | ||
| 526 | _aP96 | ||
| 526 | _aP95 | ||
| 526 | _aP93 | ||
| 526 | _aP90 | ||
| 526 | _aP89 | ||
| 526 | _aP88 | ||
| 526 | _aP83 | ||
| 526 | _aP82 | ||
| 526 | _aP62 | ||
| 526 | _aP59 | ||
| 526 | _aP58 | ||
| 526 | _aP57 | ||
| 526 | _aP51 | ||
| 526 | _aP49 | ||
| 526 | _aP48 | ||
| 526 | _aP47 | ||
| 526 | _aP29 | ||
| 526 | _aP24 | ||
| 526 | _aP20 | ||
| 526 | _aP19 | ||
| 526 | _aP17 | ||
| 526 | _aP15 | ||
| 526 | _aP14 | ||
| 526 | _aP12 | ||
| 526 | _aP10 | ||
| 526 | _aP09 | ||
| 526 | _aP08 | ||
| 526 | _aP07 | ||
| 526 | _aP06 | ||
| 526 | _aP05 | ||
| 526 | _aP04 | ||
| 526 | _aP01 | ||
| 541 | _g0001-003607; | ||
| 650 | 1 | 4 |
_aComprensión de lectura _xEducación superior. |
| 650 | 2 | 4 |
_aEscritura _xEducación secundaria. |
| 650 | 2 | 4 |
_aEscritura _xEducación superior. |
| 650 | 2 | 4 |
_aFacilidad de lectura. _91835 |
| 650 | 2 | 4 |
_aLectura _xEducación secundaria. |
| 650 | 2 | 4 |
_aLectura _xEducación superior. |
| 700 | 1 |
_aGonzález Pinzón, Blanca Yaneth, _eeditor. |
|
| 700 | 1 |
_aPeña Borrero, Luis Bernardo, _editor. |
|
| 700 | 1 |
_aSalazar Sierra, Adriana María, _eeditor. |
|
| 710 | 2 |
_aPontificia Universidad Javeriana. _bFacultad de Comunicación y Lenguaje. |
|
| 910 |
_adbm _bjpc _cjpc _d20180712 |
||
| 942 |
_2ddc _cBOOK |
||
| 994 |
_aC0 _bPEPRU |
||
| 596 | _a1 | ||
| 999 |
_a378.170281 F7 _wDEWEY _c28815 _i79031 _f2021-11-8 _g4 _lCCODEBUL1 _mBUL _p52.00 _r0 _sY _tBOOK _u2018-7-12 _xEDUCACION _PP19 _0COMPRA _1FCOMPRA _o.STAFF. Colección Ciencias Humanas y Educación _d28815 |
||
| 999 |
_a378.170281 F7 _wDEWEY _c2 _i79032 _d2019-4-25 _f2021-11-8 _g4 _lCCODEBUL1 _mBUL _p52.00 _q1 _r0 _sY _tBOOK _u2018-7-12 _xEDUCACION _PP19 _0COMPRA _1FCOMPRA _o.STAFF. Colección Ciencias Humanas y Educación |
||
| 980 |
_81 _gALBERTO SANCHEZ Responsable de Automatización |
||